Project management demystified (Record no. 107236)
[ view plain ]
| 000 -LEADER | |
|---|---|
| fixed length control field | 01825cad a22003255a 4500 |
| 001 - CONTROL NUMBER | |
| control field | E138714 |
| 008 - FIXED-LENGTH DATA ELEMENTS--GENERAL INFORMATION | |
| fixed length control field | 070704s2007 xxk f 001 0 eng d |
| 020 ## - INTERNATIONAL STANDARD BOOK NUMBER | |
| International Standard Book Number | 9780071470988 |
| 035 ## - SYSTEM CONTROL NUMBER | |
| System control number | (Sirsi) u138714 |
| 041 ## - LANGUAGE CODE | |
| Language code of text/sound track or separate title | eng |
| 050 ## - LIBRARY OF CONGRESS CALL NUMBER | |
| Classification number | 658.404 $2 22 |
| 100 ## - MAIN ENTRY--PERSONAL NAME | |
| Personal name | Reiss, Geoff |
| 245 ## - TITLE STATEMENT | |
| Title | Project management demystified |
| Medium | [electronic resource] |
| 250 ## - EDITION STATEMENT | |
| Edition statement | 3rd ed. |
| 260 ## - PUBLICATION, DISTRIBUTION, ETC. | |
| Place of publication, distribution, etc. | London |
| Name of publisher, distributor, etc. | Taylor and Francis |
| Date of publication, distribution, etc. | 2007 |
| 300 ## - PHYSICAL DESCRIPTION | |
| Extent | eBook |
| 350 ## - PRICE (NR) (BK AM CF MU VM SE) [OBSOLETE] | |
| Price | 19.99 |
| 505 2# - FORMATTED CONTENTS NOTE | |
| Formatted contents note | Setting the stage -- Getting the words in the right order -- Nine steps to a successful project -- The scope of the project and its objectives -- Project planning -- A fly on the way -- Resource management -- Progress monitoring and control -- Prince2, governance and methodologies -- Advanced critical-path topics -- The people issues -- Programme management -- Issues and risk management -- Terminology |
| 520 ## - SUMMARY, ETC. | |
| Summary, etc. | Supersedes 2nd edition (ISBN 0419207503). |
| 520 ## - SUMMARY, ETC. | |
| Summary, etc. | This practical introduction to project management explains how to use the various project management techniques, how to achieve efficient management of human, material and financial resources, and how to become a successful project manager. This third edition includes a new chapter on governance and methodologies (such as Prince2), a discussion of the problems of managing a portfolio of projects, and a more detailed look at risk management. Examples are taken from many industries, including construction and civil engineering. |
| 590 ## - LOCAL NOTE (RLIN) | |
| Local note | KA |
| 650 24 - SUBJECT ADDED ENTRY--TOPICAL TERM | |
| Topical term or geographic name entry element | PROJECTS IN CONTROLLED ENVIRONMENTS |
| 650 24 - SUBJECT ADDED ENTRY--TOPICAL TERM | |
| Topical term or geographic name entry element | EBOOK |
| 651 #4 - SUBJECT ADDED ENTRY--GEOGRAPHIC NAME | |
| Geographic name | United Kingdom |
| Chronological subdivision | |
| 690 ## - LOCAL SUBJECT ADDED ENTRY--TOPICAL TERM (OCLC, RLIN) | |
| Topical term or geographic name as entry element | Project management |
| 9 (RLIN) | 6261 |
| 856 48 - ELECTRONIC LOCATION AND ACCESS | |
| Uniform Resource Identifier | <a href="https://www.vlebooks.com/">https://www.vlebooks.com/</a> |
| Public note | View on VLEbooks. Logins for members only from [email protected] |
| 942 ## - ADDED ENTRY ELEMENTS (KOHA) | |
| Suppress in OPAC | 0 |
| 948 ## - LOCAL PROCESSING INFORMATION (OCLC); SERIES PART DESIGNATOR (RLIN) | |
| c (OCLC) | 04/03/1997 |
| Withdrawn status | Lost status | Source of classification or shelving scheme | Damaged status | Not for loan | Home library | Current library | Shelving location | Date acquired | Cost, normal purchase price | Total Checkouts | Full call number | Barcode | Date last seen | Date last checked out | Copy number | Cost, replacement price | Price effective from | Koha item type |
|---|---|---|---|---|---|---|---|---|---|---|---|---|---|---|---|---|---|---|
| Dewey Decimal Classification | Virtual | Virtual | Online | 12/07/2007 | 19.99 | 17 | EBOOK | 30074010 | 06/08/2019 | 06/11/2009 | 1 | 19.99 | 06/08/2019 | Book |